000 01150nam a2200349 i 4500
001 768714001
003 CO-MdFUSB
005 20210910084429.0
007 ta
008 160531t1992 xxu||||| |||| 00| 0 s d
020 _a[No incluye ISBN]
040 _aCO-MdFUSB
_bEspañol
_cCO-MdFUSB
_dCO-MdFUSB
_erda
041 0 _aspa
082 0 4 _a220.7
_223
_bJ321c
100 1 _aJamieson, Roberto
_eautor
245 0 0 _aComentario exegético y explicativo de la Biblia
_c/ Roberto Jamieson , A. R. Fausset, David Brown.
264 1 _aEl Paso, Texas:
_b Casa Bautista de Publicaciones,
_c[1992]
264 4 _c© 1992
300 _a2 volumenes
_c; 23 cm
336 _2rdacontent
_atexto
_btdi
337 _2rdamedia
_asin mediación
_bn
338 _2rdacarrier
_avolumen
_bnc
505 _aVol. 1 : Antiguo Testamento -- Vol. 2 : Nuevo Testamento
563 _aTapa dura
630 0 7 _aBiblia.
_pAntiguo Testamento
630 0 7 _aBiblia.
_pNuevo Testamento
653 _aBiblia A.T. - Comentarios
_aBiblia N.T. - Comentarios
700 _95603
_aFausset, A. R.
_eautor
700 _95604
_aBrown, David,
_eautor
942 _cBK
945 _aJTF-925
999 _c47241
_d47241